<?xml version="1.0" encoding="UTF-8"?><?xml-stylesheet type="text/xsl" href="static/style.xsl"?><OAI-PMH xmlns="http://www.openarchives.org/OAI/2.0/" xmlns:xsi="http://www.w3.org/2001/XMLSchema-instance" xsi:schemaLocation="http://www.openarchives.org/OAI/2.0/ http://www.openarchives.org/OAI/2.0/OAI-PMH.xsd"><responseDate>2026-04-14T18:11:28Z</responseDate><request verb="GetRecord" identifier="oai:uvadoc.uva.es:10324/36071" metadataPrefix="marc">https://uvadoc.uva.es/oai/request</request><GetRecord><record><header><identifier>oai:uvadoc.uva.es:10324/36071</identifier><datestamp>2021-06-29T23:40:48Z</datestamp><setSpec>com_10324_38</setSpec><setSpec>col_10324_852</setSpec></header><metadata><record xmlns="http://www.loc.gov/MARC21/slim" xmlns:doc="http://www.lyncode.com/xoai" xmlns:xsi="http://www.w3.org/2001/XMLSchema-instance" xmlns:dcterms="http://purl.org/dc/terms/" xsi:schemaLocation="http://www.loc.gov/MARC21/slim http://www.loc.gov/standards/marcxml/schema/MARC21slim.xsd">
<leader>00925njm 22002777a 4500</leader>
<datafield tag="042" ind1=" " ind2=" ">
<subfield code="a">dc</subfield>
</datafield>
<datafield tag="720" ind1=" " ind2=" ">
<subfield code="a">Sanz Barranco, Cristina</subfield>
<subfield code="e">author</subfield>
</datafield>
<datafield tag="260" ind1=" " ind2=" ">
<subfield code="c">2018</subfield>
</datafield>
<datafield tag="520" ind1=" " ind2=" ">
<subfield code="a">El objetivo principal de este trabajo fin de grado es estudiar la diferencia salarial&#xd;
existente entre trabajadores españoles, localizados en plantas situadas en España y&#xd;
China, a través de la aplicación de la teoría de la agencia. Se pretende dar una visión&#xd;
general de la diferencia salarial en un mismo puesto de trabajo. Esto lo ubicaremos&#xd;
analizando tanto el perfil medio del expatriado español, como la estructura de la&#xd;
empresa juguetera analizada. Los problemas de agencia surgidos serán analizados y&#xd;
plantearemos diferentes propuestas para su solución.</subfield>
</datafield>
<datafield tag="024" ind2=" " ind1="8">
<subfield code="a">http://uvadoc.uva.es/handle/10324/36071</subfield>
</datafield>
<datafield tag="245" ind1="0" ind2="0">
<subfield code="a">La Teoría de la Agencia y su aplicación a la política de retribución de las asignaciones internacionales</subfield>
</datafield>
</record></metadata></record></GetRecord></OAI-PMH>